000 00585nam a22002297a 4500
003 UA-OsUOA
001 19738
007 ta
008 20040507b un ||||| |||| 00| 0 ukr d
090 _bН-35
942 _cBK
040 _aUA-OsUOA
_bukr
_cUA-OsUOA
_dUA-OsUOA
245 _aНаціональний пантеон "Козацькі могили"
300 _a544 с.
955 _a0
041 _aukr
020 _a966-7627-30-6
591 _a63.3(4Укр)
260 _aЛуцьк
_bМедіа
_c2003
044 _aUA
650 7 _aКозацькі Могили
_2UDC
999 _c305910
_d305910